MARC

Tag First Indicator Second Indicator Subfields
LEADER 00000cam a22000004a 4500
001 in00003385931
005 20190405181454.0
006 m o d
007 cr |||||||nn|n
008 110321s2011 flu o d eng d
010 |z  2011011175 
020 |a 9780813040622 
020 |z 9780813037356 (alk. paper) 
020 |z 0813037352 (alk. paper) 
035 |a (MdBmJHUP)muse9780813040622 
040 |a MdBmJHUP  |c MdBmJHUP  |d UtOrBLW 
043 |a n-us--- 
050 0 0 |a E184.7  |b .W44 2011 
082 0 0 |a 305.896/073  |2 22 
100 1 |a White, Derrick E. 
245 1 4 |a The challenge of blackness :  |b the Institute of the Black World and political activism in the 1970s /  |c Derrick E. White ; foreword by Stanley Harrold and Randall M. Miller. 
264 1 |a Gainesville :  |b University Press of Florida,  |c [2011] 
264 4 |c ©2011 
300 |a 1 online resource (xix, 260 pages :) :  |b illustrations 
336 |a text  |b txt  |2 rdacontent 
337 |a computer  |b c  |2 rdamedia 
338 |a online resource  |b cr  |2 rdacarrier 
490 1 |a Southern dissent 
504 |a Includes bibliographical references and index. 
505 0 |a The challenge of blackness : the IBW and the Black studies movement -- Liberated grounds : the IBW's independence and reorganization -- Toward a Black agenda : the IBW and a Black political agenda for the seventies -- Collective scholarship : developing and promoting synthetic analyses -- The tapes were the heart of the matter : the IBW's infiltration and decline. 
588 |a Description based on print version record. 
500 |a Electronic resource. 
610 2 0 |a Institute of the Black World  |x History. 
650 0 |a African Americans  |x Social conditions  |y 20th century. 
650 0 |a African Americans  |x Intellectual life  |y 20th century. 
650 0 |a African American intellectuals  |x History  |y 20th century. 
650 0 |a Blacks  |x Study and teaching  |x History  |y 20th century. 
650 0 |a African Americans  |x Study and teaching  |x History  |y 20th century. 
655 7 |a Electronic books.  |2 local 
830 0 |a Southern dissent. 
856 4 0 |u http://proxy.library.tamu.edu/login?url=http://muse.jhu.edu/books/9780813040622/  |z Connect to the full text of this electronic book  |t 0 
999 |a MARS 
999 f f |s a7e40e98-0693-31fd-905b-8c64d17f6ca4  |i aafd23de-06cb-34bc-954d-a27995a033b4  |t 0 
952 f f |a Texas A&M University  |b College Station  |c Electronic Resources  |d Available Online  |t 0  |e E184.7 .W44 2011  |h Library of Congress classification 
998 f f |a E184.7 .W44 2011  |t 0  |l Available Online